000
00214nam a22000857a 4500
008
170215b xxu||||| |||| 00| 0 eng d
100
_9
2874
_a
CBSE
245
_a
Science Activity Book-VIII
260
_a
New Delhi
_b
CBSE
_c
2009
999
_c
6099
_d
6099